| 000 | 00658nam a22001937a 4500 | ||
|---|---|---|---|
| 003 | OSt | ||
| 008 | 260622b |||||||| |||| 00| 0 eng d | ||
| 020 | _a9789353872113 | ||
| 082 |
_a305.420285 _bS13W |
||
| 245 | _aWomen Empowerment Socio Economic Transformation in the Digital Age / edited by Shilpi Saini, Neelam Joshi | ||
| 260 |
_aDelhi : _b Satish Serial Publishing House, _c2026. |
||
| 300 | _axii, 145 p. | ||
| 650 | _aSocial Sciences | ||
| 650 | _aSocial groups (Sociology of specific groups) | ||
| 650 | _aSocial position and status of women (Women Empowerment ) | ||
| 700 | _aSaini, Shilpi | ||
| 700 | _aJoshi, Neelam | ||
| 942 |
_2ddc _cBK |
||
| 999 |
_c52198 _d52198 |
||